000 00427nam a22001577a 4500
003 OSt
005 20240330125409.0
008 211123b xxu||||| |||| 00| 0 eng d
020 _a978-0702040924
040 _cIIMT UNIVERSITY
100 _aGLYNN MICHAEL
245 _aHULCHISON'S CLINICAL METHODS - AN INTEGRATED APPROACH TO CLINICAL PRACTICE
260 _aGURGON
_bELSEVIER
_c2018
300 _a482
942 _2ddc
_c02
_e24TH
999 _c51106
_d51106